000 00548nam a22001817a 4500
005 20260618110340.0
010 _aENG-148950
020 _a9789392496677
_c250.00
035 _aEN-132482
037 _bDBAD/PUB
082 _a332.1091767
100 _aPerween, Tabassum
_989433
245 _aIslamic Finance/
_cTabassum Perween
260 _aNew Delhi
_bEducational Publishing House
_c2021
270 _aD1/16, Ansari Road, Darya Ganj,
_bNew Delhi
_e110002
300 _a184p.
_c22.5cm(hb)
942 _2ddc
_cEN
_h332.1091767
_mPER
999 _c216727
_d216727